00574nam a2200121Ia 4500041001200000082001200012100006000024245020400084260006600288300000900354650005900363650003000422 aEnglish aRS.0804 aSharma, AnitauDepartment of Psychology H.P. University 0aEnhancing academic achievement, study skills and economy in learning through motivation training programme in tribal students of Chamba and Lahaul Spiti districts in Himachal Pradesh / cAnita Sharma aNew Delhi :bIndian Council of Social Science Research,c2014 a104p aMotivation training programmezIndiazHimachal Pradesh a Study skills and economy